एस.एस.सी. मल्टी टास्किंग/ (Record no. 200918)

MARC details
000 -LEADER
fixed length control field 00651nam a22001817a 4500
005 - DATE AND TIME OF LATEST TRANSACTION
control field 20240220115347.0
010 ## - LCCN (DPL NO)
LC control number HIN-126920
020 ## - INTERNATIONAL STANDARD BOOK NUMBER
Terms of availability 340.00
International Standard Book Number 9789350131978
035 ## - SYSTEM CONTROL NUMBER
System control number HN-99266
037 ## - SOURCE OF ACQUISITION
Source of stock number/acquisition DBAD/PUB
082 ## - DEWEY DECIMAL CLASSIFICATION NUMBER
Classification number 000
100 ## - MAIN ENTRY--PERSONAL NAME
Personal name लाल
245 ## - TITLE STATEMENT
Title एस.एस.सी. मल्टी टास्किंग/
Statement of responsibility, etc लाल एवं जैन
260 ## - PUBLICATION, DISTRIBUTION, ETC. (IMPRINT)
Place of publication, distribution, etc आगरा
Name of publisher, distributor, etc उपकार प्रकाशक
270 ## - ADDRESS
Address 1 स्टेट बैंक कॉलोनी , निकट खन्दारी
City आगरा
Postal code 282005
300 ## - PHYSICAL DESCRIPTION
Extent 625p.
Dimensions 28cm(pb)
942 ## - ADDED ENTRY ELEMENTS (KOHA)
Source of classification or shelving scheme Dewey Decimal Classification
Item type English Books
Call number suffix लाल
Classification part 000
Holdings
Withdrawn status Lost status Not for loan Collection code Home library Current library Date acquired Source of acquisition Cost, normal purchase price Full call number Barcode Cost, replacement price Koha item type
      Non-fiction Tri Nagar Tri Nagar 20/02/2024 DBAD/PUB 340.00 लाल 000 HN-99266 340.00 English Books

© Delhi Public Library
Hit Counter
free hit counter